Principios para líderes cristianos / (Registro nro. 63214)

Detalles MARC
000 -LEADER
campo de control de longitud fija 02430cam a2200409 i 4500
003 - IDENTIFICADOR DE NÚMERO DE CONTROL
campo de control PE-LiUPU
005 - FECHA Y HORA DE LA ÚLTIMA TRANSACCIÓN
campo de control 20251230161245.0
008 - DATOS DE LONGITUD FIJA--INFORMACIÓN GENERAL
campo de control de longitud fija 2003 s2020 ar a rb 000 0 spa d
020 ## - NÚMERO INTERNACIONAL ESTÁNDAR DEL LIBRO
Número Internacional Estándar del Libro 9789877981100
035 ## - NÚMERO DE CONTROL DEL SISTEMA
Número de control de sistema PE-LiUPU00051
040 ## - FUENTE DE CATALOGACIÓN
Centro catalogador/agencia de origen PE-LiUPU
Lengua de catalogación spa
Centro/agencia transcriptor PE-LiUPU
Normas de descripción rda
041 1# - CÓDIGO DE IDIOMA
Código de lengua del texto/banda sonora o título independiente spa
Código de lengua original eng
082 04 - NÚMERO DE LA CLASIFICACIÓN DECIMAL DEWEY
Número de clasificación 248.4
Cutter W583p
Número de edición 23
100 1# - ENTRADA PRINCIPAL--NOMBRE DE PERSONA
Nombre de persona White, Ellen G.
Fechas asociadas al nombre 1827-1915,
Término indicativo de función/relación autor.
9 (RLIN) 833
245 10 - MENCIÓN DEL TÍTULO
Título Principios para líderes cristianos /
Mención de responsabilidad, etc. Elena G. de White ; dirigido por Claudia Blath ; traducción de Juan Fernando Sánchez.
250 ## - MENCION DE EDICION
Mención de edición Primera edición.
264 #1 - PRODUCCIÓN, PUBLICACIÓN, DISTRIBUCIÓN, FABRICACIÓN Y COPYRIGHT
Producción, publicación, distribución, fabricación y copyright Florida :
Nombre del de productor, editor, distribuidor, fabricante Asociación Casa Editora Sudamericana,
Fecha de producción, publicación, distribución, fabricación o copyright 2020.
264 #3 - PRODUCCIÓN, PUBLICACIÓN, DISTRIBUCIÓN, FABRICACIÓN Y COPYRIGHT
Producción, publicación, distribución, fabricación y copyright Impreso en la Argentina.
300 ## - DESCRIPCIÓN FÍSICA
Extensión 323 páginas ;
Dimensiones 20 cm
336 ## - TIPO DE CONTENIDO
Término de tipo de contenido text
Fuente rdacontent
337 ## - TIPO DE MEDIO
Nombre/término del tipo de medio unmediated
Fuente rdamedia
338 ## - TIPO DE SOPORTE
Nombre/término del tipo de soporte volume
Fuente rdacarrier
500 ## - NOTA GENERAL
Nota general Título original en inglés: Principles for Christian Leaders.
500 ## - NOTA GENERAL
Nota general Obra perteneciente a la colección Biblioteca del Hogar Cristiano.
504 ## - NOTA DE BIBLIOGRAFÍA, ETC.
Nota de bibliografía, etc. Incluye referencias bíblicas.
505 ## - NOTA DE CONTENIDO CON FORMATO
Nota de contenido con formato Consejos generales sobre el liderazgo en la iglesia -- Cristo y su iglesia -- Estructura organizativa y conducta -- Unidad en creencias y en acción -- El dirigente que Dios busca -- Consejos para puestos específicos -- La asociación general y su presidente -- Los presidentes de asociación -- Los pastores, guardianes del rebaño -- Los miembros de juntas y consejos -- Consejos para las organizaciones de la iglesia -- Instituciones de Dios -- Cómo administrar el dinero de Dios -- Relación entre los obreros -- Vida personal de un dirigente de la iglesia -- La iglesia triunfante de Cristo.
520 ## - RESUMEN, ETC.
Sumario, etc. Obra dirigida a líderes cristianos y dirigentes de iglesia que presenta principios bíblicos y orientaciones prácticas para el ejercicio del liderazgo espiritual. Aborda temas como la organización eclesiástica, la autoridad cristiana, la misión de la iglesia, la conducta del liderazgo y la dependencia de la guía del Espíritu Santo.
650 #4 - PUNTO DE ACCESO ADICIONAL DE MATERIA--TÉRMINO DE MATERIA
Término de materia o nombre geográfico como elemento de entrada Vida cristiana.
650 14 - PUNTO DE ACCESO ADICIONAL DE MATERIA--TÉRMINO DE MATERIA
Término de materia o nombre geográfico como elemento de entrada Liderazgo cristiano
9 (RLIN) 1483
650 24 - PUNTO DE ACCESO ADICIONAL DE MATERIA--TÉRMINO DE MATERIA
Término de materia o nombre geográfico como elemento de entrada Administración de Iglesia
9 (RLIN) 3802
650 14 - PUNTO DE ACCESO ADICIONAL DE MATERIA--TÉRMINO DE MATERIA
Término de materia o nombre geográfico como elemento de entrada Ética cristiana
9 (RLIN) 1047
700 ## - ENTRADA AGREGADA--NOMBRE PERSONAL
Nombre de persona Blath, Claudia
Término indicativo de función/relación director.
9 (RLIN) 3732
700 ## - ENTRADA AGREGADA--NOMBRE PERSONAL
Nombre de persona Sánchez, Juan Fernando,
Término indicativo de función/relación traductor.
9 (RLIN) 7940
710 2# - ENTRADA AGREGADA--NOMBRE DE ENTIDAD CORPORATIVA
Nombre de entidad corporativa o nombre de jurisdicción como elemento de entrada Asociación Casa Editora Sudamericana.
942 ## - ELEMENTOS DE ENTRADA SECUNDARIOS (KOHA)
Fuente del sistema de clasificación o colocación Clasificación Decimal Dewey
Tipo de ítem Koha Libros físicos
980 ## - EQUIVALENCIA O REFERENCIA-CRUZADA-MENCIÓN DE SERIE--NOMBRE DE PERSONA/TÍTULO [LOCAL, CANADÁ]
ID del usuario creador del registro 18228
Nombre del creador del registro Rebeca Esther Huerta Leyton
ID del último usuario que modificó el registro 18226
Nombre del último usuario que modificó el registro Jaime Vilcazán Jefe de Análisis Documental
Existencias
Visto por última vez Total de préstamos Signatura topográfica completa Código de barras Fecha de entrega Fecha del último préstamo Copia número Coste, precio de reemplazo Fecha de reemplazo Facultad Tipo de ítem Koha Estado de pérdida Fuente del sistema de clasificación o colocación Restricciones de uso No para préstamo Colección Programa académico Biblioteca de origen Biblioteca actual Ubicación en estantería Fecha de adquisición Fuente de adquisición Coste, precio normal de compra
2026-04-28 2 248.4 W583p 82966 2026-05-04 2026-04-28 e1 15.00 2025-12-23 Teología Libros físicos No Perdido Clasificación Decimal Dewey No restringido Disponible para préstamos Colección General Teología Biblioteca CRAI UPeU Lima Biblioteca CRAI UPeU Lima Sala principal 2025-12-10 Donación David Echevarría 10.00